000 00744nam a2200241 a 4500
008 951121s1989||||[C 0 slo c
020 _a8022000299
_c22,50
040 _aSNK
_bslo
_cSNK
_eAACR2
041 1 _aslo
_hslo
044 _axo
_cSK
080 _a885.4-94
080 _a782
080 _a929
080 _a929 Hoza, Štefan
100 1 _aHoza, Štefan
_4aut
245 1 0 _aJa svoje srdce dám... /Zv./ 2
_cŠtefan Hoza ; Ladislav Vančo
250 _a1., vyd.
260 _aBratislava
_bSlovenský spisovateľ
_c1989
_eMartin
_fTlačiarne SNP
300 _a328 s., 20,24 AH
_bFot.
_c21 cm
500 _aRozlož. tit. list. Ilustr. a noty na predsádkach. Cena za 1.-2. zv. Men. reg.
700 1 _aVančo, Ladislav
_4bkd
958 _aA
999 _c15097
_d15097